00540nam a22001697a 450000500170000001000150001702000260003203500140005803700130007208200130008510000150009824500660011326000560017927000540023530000550028970000260034420221129102806.0 aENG-135745 a9788171641581c800.00 aEN-119277 bDBAD/PUB a635.0423 aNath, Prem aTextbook of vegetable crops/cby Prem Nath [and] K.R.M. Swamy aPusabIndian Council of agricultural researchc2016 aKrishi anusandhan bhawan, PusabNew Delhie110012 a476 p..c24cm(pbk)bIndex, Acronym & Bibiliography aSwamy, K.R.M.eAuthor